STN EN 544: 2001 (74 7801) [neplatná], Asfaltové šindle s minerálnou vložkou a/alebo syntetickou vložkou

Táto národná norma je identická s EN 544: 1998

Bibliographic Details
Main Author: Tölgyessyová, Henrieta (stavebná inžinierka) (Author)
Corporate Author: Technický a skúšobný ústav stavebný (Bratislava, Slovensko) (Translator)
Other Authors: Vladová, Elena (Translator)
Format: Book
Language:Slovak
German
PhysicalDescription:24 s. obr. 30 cm
Published: Bratislava Slovenský ústav technickej normalizácie 2001
Subjects:

MARC

LEADER 00000nam a2200000 a 4500
001 vtls010618212
003 SK-MaSNL
005 20260301142507.0
008 160429s2001 xo a f u 000 0 slo
015 |a SNBN2014 
020 |c (cen. skup. 12) 
040 |a SNK  |b slo  |c SNK  |e AACR2 
041 1 |a slo  |h ger 
044 |a xo  |c SK 
046 |a m  |m 200105 (účin.)  |n 200607 (zruš.) 
072 7 |a 692  |x Konštrukčné prvky a časti stavieb  |2 konspekt 
080 |a 692.415  |2 2001 
080 |a 620.1  |2 2001 
080 |a 006.86  |2 2001 
080 |a (437.6)  |2 2001 
080 |a (4)  |2 2001 
080 |a (083)  |2 2001 
084 |a 75.140  |2 ICS 
130 0 |a STN 74 7801 (STN EN 544) [neplatná]  |9 498160 
245 1 0 |a STN EN 544: 2001 (74 7801) [neplatná], Asfaltové šindle s minerálnou vložkou a/alebo syntetickou vložkou 
246 1 0 |a Asfaltové šindle s minerálnou vložkou a/alebo syntetickou vložkou 
260 |a Bratislava  |b Slovenský ústav technickej normalizácie  |c 2001 
300 |a 24 s.  |b obr.  |c 30 cm 
500 |a Súbežný názov v angličtine, francúzštine, nemčine 
500 |a Spracovateľ: Technický a skúšobný ústav stavebný, Elena Vladová ; SÚTN Henrieta Tölgyessyová 
500 |a Norma je nahradená normou STN EN 544 z 1.7.2006 v celom rozsahu 
504 |a Citované normy a súvisiace právne predpisy s. 2 
520 8 |a Táto národná norma je identická s EN 544: 1998 
540 |a STN vydané na akomkoľvek nosiči sa môžu rozmnožovať a rozširovať iba so súhlasom určenej právnickej osoby  |b SÚTN Bratislava  |c zákon 264/1999 Z. z. 
650 0 7 |a strešné krytiny  |2 SNKPH  |9 1611 
650 0 7 |a technické normy a štandardy  |z krajiny Európskej únie  |2 SNKPH  |9 289341 
650 0 7 |a technické normy a štandardy  |z Slovensko  |2 SNKPH  |9 79594 
650 0 7 |a skúšanie materiálov  |2 SNKPH  |9 4168 
650 0 7 |a Roofing materials  |2 SNKPHeng  |9 312390 
650 0 7 |a Material testing  |2 SNKPHeng  |9 266886 
655 7 |a normy  |2 SNKPH  |9 70643 
700 1 |a Vladová, Elena  |4 trl  |9 498161 
700 1 |a Tölgyessyová, Henrieta  |c (stavebná inžinierka)  |4 aut  |9 28164 
710 2 |a Technický a skúšobný ústav stavebný (Bratislava, Slovensko)  |4 trl  |9 123563 
710 2 |a Slovenský ústav technickej normalizácie  |4 stn  |9 32706 
958 |a OP 
958 |a NB 
999 |c 770403  |d 772333 
952 |a SNK  |b SNK  |y PREZ  |7 0  |p 17A1115579  |o snkSTN EN 544  |i snk2014/18299  |8 0  |0 0  |1 0  |4 0  |d 2014-09-08  |l 0  |r 2026-02-24 00:33:03  |w 2026-02-24 
952 |a SNK  |b SNK  |y PREZ  |7 0  |p 17A1115578  |o snkSTN EN 544 D1  |i snk2014/18300  |8 0  |0 0  |1 0  |4 0  |d 2014-09-08  |l 0  |r 2026-02-24 00:33:03  |w 2026-02-24